00961nam a22002537a 4500003000900000008004100009020001800050040007100068082001800139245008100157260004600238300003900284440006600323500003800389650002400427650002700451650001900478650002000497650002200517650003300539650001700572700006400589710005400653AR-CdUCM190427b ||||| |||| 00| 0 spa d a9786124419911 aMUNICIPALIDAD PROVINCIAL DEL CUSCOcBIBLIOTECA MUNICIPAL DEL CUSCO a848.7018/PbP aLos poetas malditos /cselección y traducción, Ricardo Silva-Santisteban aLima :bUniversidad Ricardo Palma,c2021. a505 páginas:bretratos ;c24 cm. aEl bosque sagrado/dirigida por Ricardo Silva-Santisteban ;n5 zBibliografía: páginas 483-493 aBaudelaire, Charles aMallarmé, Stéphane aVerlaine, Paul aRimbaud, Arthur aPoesía francesa aCrítica e interpretación aRomanticismo aSilva Santisteban, Ricardoecompilador, traductor, director aUniversidad Ricardo Palma (Lima)tentidad editora